| 000 | 00575nam a22001817a 4500 | ||
|---|---|---|---|
| 005 | 20231024133439.0 | ||
| 008 | 231024b |||||||| |||| 00| 0 eng d | ||
| 020 | _a0702103845 | ||
| 041 | _aEnglish / Afrikaans | ||
| 082 | _a347.1 BAK | ||
| 100 |
_aBaker PWE and Farlam IG _lEnglish /Afrikaans |
||
| 245 |
_aThe Magistrates' Courts Act / _cPWE Baker and Farlem IG |
||
| 250 | _aThird Edition | ||
| 260 |
_aCape Town : _bJuta & Company, Limited, _c1976 |
||
| 300 |
_bxxxv, 277 pages ; _c24,8 cm. |
||
| 650 |
_aLegal practice _bLaw |
||
| 942 |
_cBK _6ALISON_BN_VRIES |
||
| 999 |
_c31 _d31 |
||